التحكيم في منازعات سوق المال : (Record no. 24469)

MARC details
000 -الفاتح
حقل البيانات ثابتة الطول 01317nam a22002535a 4500
003 - محدد رقم الضبط
رقم الضبط OSt
005 - وقت وتاريخ اخر تعامل مع التسجيلة
رقم الضبط 20170319115232.0
008 - عناصر البيانات ثابتة الطول - معلومات عامة
حقل البيانات ثابتة الطول 170313s2014 ua frb 000 0 ara d
015 ## -
-- 2014 / 7194
020 ## - الرقم الدولى المعيارى للكتب
الرقم الدولى المعيارى للكتاب 9789770475263
040 ## - مصدر الفهرسة
وكالة الفهرسة الأصلية EG-ScBUE
لغة الفهرسة ara
وكالة النسخ EG-ScBUE
043 ## - رمز المنطقة الجغرافية
رمز المنطقة الجغرافية f-ua---
082 04 - رقم تصنيف ديوى العشرى
رقم التصنيف 347.6209
رقم المادة ع ب د
رقم الطبعة 22
100 1# - المدخل الرئيسى - إسم شخصى
الإسم الشخصى عبد العظيم، عبد الحميد منصور.
245 12 - بيان العنوان
العنوان التحكيم في منازعات سوق المال :
بقية العنوان تعريف التحكيم - مزايا التحكيم وعيوبه - الطبيعة القانونية للتحكيم والقابلية للتحكيم - صياغة بنود اتفاق التحكيم - أهمية التحكيم في منازعات سوق المال - المحكم والمحامي في منازعات سوق المال /
بيان المسئوليه,etc عبد الحميد منصور عبد العظيم.
260 ## - PUBLICATION, DISTRIBUTION, ETC. (IMPRINT)
مكان الناشر او الموزع القاهرة :
اسم الناشر او الموزع دار النهضة العربية،
تاريخ النشر أو التوزيع 2014.
300 ## - الوصف المادى
التعداد 172 ص. ؛
أبعاد الوعاء 24 سم.
504 ## - تبصرة ببليوجرافية
تبصرة ببليوجرافية,الخ يشتمل على إرجاعات ببليوجرافية.
650 #7 - المدخل الاضافى بالموضوع-مصطلح موضوعى
مصطلح موضوعي أو اسم جغرافي كعنصر مدخل التحكيم التجاري
التقسيم الفرعي الجغرافي مصر.
مصدر الرأس أو المصطلح BUEsh
650 #7 - المدخل الاضافى بالموضوع-مصطلح موضوعى
مصطلح موضوعي أو اسم جغرافي كعنصر مدخل الأوراق المالية
التقسيم الفرعي العام قوانين وتشريعات
التقسيم الفرعي الجغرافي مصر.
مصدر الرأس أو المصطلح BUEsh
650 #7 - المدخل الاضافى بالموضوع-مصطلح موضوعى
مصطلح موضوعي أو اسم جغرافي كعنصر مدخل البورصات
التقسيم الفرعي العام قوانين وتشريعات
التقسيم الفرعي الجغرافي مصر.
653 ## - مصطلح تكشيفى غير مقيد
Resource For college Law
Arrived date list March2017
942 ## - عناصر المدخل الإضافي( كوها)
مصدر التصنيف او مخطط الترفيف Dewey Decimal Classification
Holdings
حالة التراجع حالة الفقد مصدر التصنيف او خطة الترفيف تحديد مواد ( مجلدات مجمعه أو جزء أخر) حالة تلف ليس للاعارة مجموعات كوها المكان الدائم المكان الحالي موقع الترفيف تاريخ الاكتساب Source of acquisition سعر الشراء الطبيعي تعداد مسلسل / التسلسل الزمني رقم الاستدعاء الباركود Date last seen التكلفة نوع الوعاء
    Dewey Decimal Classification Lost_In_Inventory_11-6-2024     دار النهضة العربية Central Library Central Library First floor 19/03/2017 Purchase 35.00 2815 347.6209 ع ب د 000045854 15/07/2025 43.75 Book - Borrowing
    Dewey Decimal Classification       دار النهضة العربية Central Library Central Library First floor 19/03/2017 Purchase 35.00 2815 347.6209 ع ب د 000045855 15/07/2025 43.75 Book - Borrowing